[Event "Malmo op"]
[Site "Malmo"]
[Date "2012.12.15"]
[Round "3"]
[White "Walinder, Lars"]
[Black "Eisele, Per"]
[Result "1/2-1/2"]
[WhiteElo "2137"]
[BlackElo "1967"]
[PlyCount "101"]
[EventDate "2012.12.14"]
[EventType "swiss"]
[EventRounds "7"]
[EventCountry "SWE"]
[SourceTitle "EXT 2014"]
[Source "ChessBase"]
[SourceDate "2013.11.20"]
[SourceVersion "1"]
[SourceVersionDate "2013.11.20"]
[SourceQuality "1"]

1. c4 f5 2. g3 Nf6 3. Bg2 e6 4. Nf3 c6 5. 0-0 Na6 6. Nc3 d5 7. d3 Nc7 8. e4 fxe4 9. dxe4 Bb4 10. exd5 Bxc3 11. bxc3 cxd5 12. cxd5 Nfxd5 13. c4 Ne7 14. Qe2 0-0 15. Bb2 Nc6 16. Ba3 Rf7 17. Rad1 Qf6 18. Bb2 Qe7 19. Ne5 Nxe5 20. Qxe5 Ne8 21. Rd3 Rf5 22. Qe2 e5 23. Be4 Rf7 24. Bd5 Be6 25. Qxe5 Bxd5 26. Qxd5 Nf6 27. Qd4 Qe4 28. Qxe4 Nxe4 29. f3 Nc5 30. Rd5 b6 31. Bd4 Ne6 32. Rd6 Nxd4 33. Rxd4 Rc8 34. Rf2 Rfc7 35. Rc2 a5 36. Kf2 b5 37. Ke3 bxc4 38. Kd2 Kf7 39. Kc3 h5 40. Re2 g6 41. Ree4 Kf6 42. Rxc4 Rxc4+ 43. Rxc4 Re8 44. Rc6+ Kg7 45. Kd3 Rd8+ 46. Ke2 Rb8 47. Rc2 a4 48. Kd3 a3 49. Kd2 Rb1 50. Kc3 g5 51. Kd3 1/2-1/2

[Event "SWE-chT2 1213"]
[Site "Sweden"]
[Date "2012.12.02"]
[Round "4"]
[White "Tadjerbashi, Amir"]
[Black "Walinder, Lars"]
[Result "1/2-1/2"]
[WhiteElo "2179"]
[BlackElo "2137"]
[PlyCount "51"]
[EventDate "2012.10.20"]
[EventType "team-tourn"]
[EventRounds "9"]
[EventCountry "SWE"]
[SourceTitle "EXT 2015"]
[Source "ChessBase"]
[SourceDate "2014.11.20"]
[SourceVersion "1"]
[SourceVersionDate "2014.11.20"]
[SourceQuality "1"]
[WhiteTeam "Limhamn II"]
[BlackTeam "Sollentuna"]
[WhiteTeamCountry "SWE"]
[BlackTeamCountry "SWE"]

1. e4 c5 2. Nf3 d6 3. d4 cxd4 4. Nxd4 Nf6 5. Nc3 a6 6. g3 e5 7. Nde2 b5 8. Bg2 Be7 9. h3 0-0 10. 0-0 b4 11. Nd5 Nxd5 12. exd5 a5 13. a3 Ba6 14. Be3 Nd7 15. Qd2 Qc7 16. Rfc1 Nc5 17. axb4 axb4 18. b3 f5 19. Qxb4 Bxe2 20. Rxa8 Rxa8 21. Bxc5 Rb8 22. Qd2 Qxc5 23. Qxe2 Rxb3 24. cxb3 Qxc1+ 25. Bf1 Qc5 26. Qb5 1/2-1/2